LEADER 01040nam a2200217 i 4500 001 000000025733 003 CaOOAMICUS 005 20240903084559.0 008 180830s1887 it u000 u ita u 040 $aSeMil$bita 100 1 $aBartoli, Adolfo,$d<1833-1894>.$0(OLS)http://semarc/name/11430 245 13$a6: Delle opere di Dante Alighieri :$bLa Divina commedia. 260 $aIn Firenze :$bG. C. Sansoni,$c1887-1889. 300 $a2 v. ;$c21 cm. 650 4$aAlighieri, Dante <1265-1321> . Divina Commedia - Commentari e studi.$0(OLS)http://semarc/subject/2968 773 0 $aBartoli, Adolfo <1833-1894>$tStoria della letteratura italiana.$dFirenze : G. C. Sansoni, 1878-1884.$g6$w()25731 774 0 $aBartoli, Adolfo <1833-1894>$tParte 1.$g1$w()207798 774 0 $aBartoli, Adolfo <1833-1894>$tParte 2.$g2$w()207800 996 $6245$a6: Delle opere di Dante Alighieri :$bLa Divina commedia$9(OLS)http://semarc/title/34674 996 $6260$aIn Firenze :$bG. C. Sansoni$9(OLS)http://semarc/publisher/36575 LEADER 01174nam a2200253 i 4500 001 000000066185 003 CaOOAMICUS 005 20070712000000.0 008 070712s1971 it u000 u ita u 013 $a37357 040 $aSeMil$bita 100 1 $aMuljacic, Zarko <1922- >.$0(OLS)http://semarc/name/33236 245 10$aIntroduzione allo studio della lingua italiana /$cZarko Muljacic. 260 $aTorino :$bPiccola Biblioteca Einaudi,$ccopyr. 1971. 300 $a388 p. ;$c18 cm. 490 0 $aPiccola biblioteca Einaudi ;$v159 500 $aContiene : Abbreviazioni bibliografiche ; Bibliografie retrospettive ; Bibliografie specializzate ; Bibliografie generali ; Aggiunte bibliografiche. 650 4$aLingua italiana.$0(OLS)http://semarc/subject/7694 830 0$aPiccola biblioteca Einaudi ;$v159.$0(OLS)http://semarc/title/11221 850 $aSeMil 852 $aSeMil$W1$xVenegono$y1$m1D V 81$j32338$B32338$CSeMilBibl$Z2$F32341 $81 961 $aOmaggio: Donazione 996 $6245$aIntroduzione allo studio della lingua italiana$9(OLS)http://semarc/title/105202 996 $6260$aTorino :$bPiccola Biblioteca Einaudi$9(OLS)http://semarc/publisher/34351